| 000 | 01358nam a2200241Ii 4500 | ||
|---|---|---|---|
| 003 | JO-AjNU | ||
| 005 | 20240625121822.0 | ||
| 008 | 230605s9999||||xx |||||||||||||| ||und|| | ||
| 040 |
_aJO-AjNU _bara _erda _cJO-AjNU |
||
| 041 | _aara | ||
| 050 | 1 | 4 | _aHD69.2020 |
| 100 | 1 |
_aاحمد، ابراهيم حسن ابراهيم _eمعد _965635 |
|
| 245 | 0 | 0 |
_aدور استراتيجيات الريادة في تحقيق الميزة التنافسية في مصانع الالبسة في مدينة الحسن الصناعية في مدينة اربد = The Role of Entrepreneurship Strategies in Achieving The Competitive Advantage in Textile Factories in AL Hassan Industrial City-Irbid / _cاعداد ابراهيم حسن ابراهيم احمد؛ اشراف هشام علي شطناوي |
| 264 | 3 | 1 | _a 2020 |
| 300 | _a106 ورقة | ||
| 336 |
_atext _btxt _2rdacontent |
||
| 337 |
_aunmediated _bn _2rdamedia |
||
| 338 |
_avolume _bnc _2rdacarrier |
||
| 500 | _aرسالة جامعية(اطروحة ماجستير) جامعة عجلون الوطنية: كلية ادارة الاعمال، ادارة الاعمال،2020 | ||
| 650 | 4 |
_aريادة الاعمال - الميزة التنافسية - مدينة الحسن الصناعية - ااربد - الاردن _959708 |
|
| 700 | 1 |
_aشطناوي،هشام علي _964865 _eمشرف |
|
| 942 |
_2lcc _cTHS |
||
| 999 |
_c30450 _d30450 |
||